WWE Last Man Standing Match Competitors - Statistics

General Stats
  • This quiz has been taken 588 times
    531 since last reset
  • The average score is 26 of 46
Answer Stats
No. of Matches Last Match Wrestler % Correct
6 2014 John Cena
95%
5 2020 Randy Orton
93%
7 2009 Triple H
93%
3 2008 The Undertaker
91%
4 2021 Roman Reigns
90%
6 2018 Kane
88%
4 2020 Edge
87%
3 2010 Batista
85%
8 2014 The Big Show
85%
2 2008 Shawn Michaels
82%
1 1999 The Rock
80%
2 2019 Dean Ambrose
76%
3 2008 Chris Jericho
74%
1 2011 CM Punk
72%
1 2005 Ric Flair
70%
1 2018 Charlotte Flair
69%
2 2014 Bray Wyatt
67%
1 2005 Kurt Angle
66%
1 1999 Mankind
66%
2 2021 Kevin Owens
65%
4 2019 Braun Strowman
62%
1 2005 Chris Benoit
61%
1 2018 Becky Lynch
60%
1 2014 Sheamus
58%
4 2014 Alberto Del Rio
57%
1 2019 Drew McIntyre
57%
1 2018 AJ Styles
56%
1 2019 Bobby Lashley
56%
2 2003 Shane McMahon
56%
1 2005 John Bradshaw Layfield
53%
1 2017 Sami Zayn
51%
1 2006 The Great Khali
47%
1 2007 Umaga
46%
1 2014 Jimmy Uso
41%
1 2018 Shinsuke Nakamura
40%
1 2013 Ryback
36%
1 2017 Asuka
29%
1 2009 MVP
29%
1 2018 Johnny Gargano
22%
1 2018 Tomasso Ciampa
21%
1 2017 Nikki Cross
17%
1 2019 Natalya
13%
1 2019 Lacey Evans
8%
1 2008 Matt Jackson
7%
1 2019 Dave Mastiff
5%
1 2019 Joe Coffey
5%
No matching quizzes found
Score Distribution
Percent of People with Each Score
Percentile by Number Answered
Your Score History
You have not taken this quiz since the last reset